00882nam a2200217 i 450000100060000000300090000600500170001500700030003200800410003510000330007624501590010925000150026826000410028330000220032470000440034670000390039074000640042985200320049399900170052595201220054289465ES-MaACL20230906180200.0t|050110s1969 sp ||||1| spa d1 aLannurien, Pierre de.97008810aCien años de retraso en la pequeña y la mediana empresa / cPierre de Lannurien ; prólogo de Fabián Estapé ; [traducción, Xavier Calsamiglia]. a[1ª ed.]. aBarcelona, etc. : bNoguer, c[1969] a211 p. ; c22 cm.1 aEstapé, Fabián (d1923-2012)9480111 aCalsamiglia, Xavier, edir.9337860 a100 años de retraso en la pequeña y la mediana empresa. aES-MaACLjC-38760 bR.70393 c89465d89465 00104070aATENEOMbATENEOMcDEPO2d2008-01-17eSCl0oC-38760p1093434r2023-02-23 00:00:00w2023-02-23yMONOGRAFIA